| 000 | 00734nam a22002537a 4500 | ||
|---|---|---|---|
| 001 | BD-DhSAU 1722 | ||
| 003 | BD-DhSAU | ||
| 005 | 20150120110941.0 | ||
| 008 | 150101b1995 ii a|||| |||| 001 0 eng d | ||
| 020 | _a8120409698 | ||
| 040 |
_cBD-DhSAU _aBD-DhSAU |
||
| 082 |
_222 _a631.35 _bCHP |
||
| 100 |
_aChakraverty, Amalendu _qAmalendu Chakravrety |
||
| 245 |
_aPost harvest technology of cereals, pulses and oilseeds / _cAmalendu Chakravrety |
||
| 250 | _a3rd ed. | ||
| 260 |
_aNew Delhi : _bOxford & IBH publishing co.pvt.ltd. ; _cc1995. |
||
| 300 |
_axvi, 349 p. _bill. _c22 cm |
||
| 504 | _aIncludes index. | ||
| 590 | _aJerin | ||
| 650 | _aAgronomy | ||
| 650 | _aHarvest technology | ||
| 650 | _aPulses | ||
| 650 | _aOilseeds | ||
| 942 |
_2ddc _cBOOK |
||
| 999 |
_c1722 _d1722 |
||